Statistics for Five Biggest Countries by Letter #2

Click here to take the quiz!

General Stats

  • This quiz has been taken 866 times
  • The average score is 24 of 35

Answer Stats

LetterCountry% Correct
UUnited States
88%
UUnited Kingdom
86%
NNiger
80%
LLibya
79%
MMali
79%
NNigeria
79%
PPeru
79%
MMexico
78%
TTurkey
78%
SSudan
77%
PPoland
75%
UUzbekistan
75%
LLithuania
74%
UUganda
74%
MMongolia
73%
LLatvia
72%
MMauritania
72%
TTurkmenistan
72%
LLaos
70%
PPakistan
70%
SSouth Africa
69%
UUkraine
69%
SSouth Sudan
68%
TTanzania
67%
TThailand
67%
LLiberia
64%
NNamibia
64%
SSaudi Arabia
62%
PParaguay
61%
SSomalia
61%
NNorway
59%
NNew Zealand
56%
MMozambique
50%
PPapua New Guinea
49%
TTunisia
43%

Score Distribution

Percentile by Number Answered

Percent of People with Each Score

Your Score History

You have not taken this quiz